000
00230nam a22001097a 4500
041
_a
ENG
100
_a
Gupta.M
245
_a
Visual Basic
260
_a
Delhi
_b
NISCOM
_c
1998
650
_a
Competitive (47)
856
_u
Competitive (47)
999
_c
3055
_d
3055